| 000 | 01554nam a22004097a 4500 | ||
|---|---|---|---|
| 003 | CHAP | ||
| 005 | 20220329143359.0 | ||
| 008 | 090204s2008 mx a r 00010 spa d | ||
| 010 | _a95760 | ||
| 011 | _a96732 | ||
| 035 | _a107388 | ||
| 040 | _cCHAP | ||
| 090 | _aTesis | ||
| 100 | 0 | 0 |
_aDíaz José, Oscar. _933523 |
| 245 | 1 | 0 |
_aEfectos de arreglos topológicos en frijol (Phaseolus vulgaris L.) sobre la maleza y periodo critico de competencia _c/por Oscar Díaz José |
| 260 |
_aChapingo, Méx. : _bEl autor, _c2008 |
||
| 300 |
_axv, 76 h. : _bcuadros, gráfs. |
||
| 502 | _aTesis (M.C. en Protección Vegetal) -- UACH. Departamento de Parasitología | ||
| 530 | _aTambién disponible en línea | ||
| 590 |
_aALEPH _b10 _c20130110 _lUCH01 _h1526 |
||
| 590 |
_aBATCH-UPD _b10 _c20130110 _lUCH01 _h0700 |
||
| 590 |
_aBATCH-UPD _b10 _c20130410 _lUCH01 _h0345 |
||
| 590 |
_aBATCH-UPD _b10 _c20130914 _lUCH01 _h1217 |
||
| 590 |
_aBATCH-UPD _b10 _c20140324 _lUCH01 _h1509 |
||
| 590 |
_aBATCH-UPD _b10 _c20141002 _lUCH01 _h0838 |
||
| 590 |
_aCONVERSION _b10 _c20130109 _lUCH01 _h1353 |
||
| 650 | 1 | 4 |
_aFrijol _xRendimiento. _943429 |
| 650 | 1 | 4 |
_aFrijol _xSiembra. _943434 |
| 650 | 1 | 4 |
_aFrijol _zMéxico (Edo.). _943456 |
| 650 | 1 | 4 |
_aMalas hierbas. _969996 |
| 650 | 1 | 4 |
_aTopología. _9113916 |
| 856 |
_3Finding aid _uhttp://10.13.5.2/tesis/107388.pdf _zTeclea aqui |
||
| 901 | _aBK | ||
| 942 | _cFOLL | ||
| 949 |
_aTesis _bBC _cTES _d33724002081835 _eTS1 _gDonaciØn _h48688 _i107388 _sb |
||
| 949 |
_aTesis _bBC _cTES _d33724002081876 _eTS2 _fc.2 _gDonaciØn _h48689 _i107388 _si |
||
| 999 |
_c95760 _d95760 |
||